000 01302nam a2200337 c 4500
003 BLK
005 20250310091413.0
008 180411b bul|||||r ||||||| ||bul||
010 _aKNG00177040000
020 _a978-954-584-570-0
_bиздат.: Бард
040 _aBLK
041 _aBUL
_cBUL
072 7 _2bullib
_aН83
_xЧужда художествена литература Н
080 _aАмериканска литература (на САЩ)
_b821.111(73)
_x-31
_z821.111(73)-31
100 1 _aТесаро, Катлийн
_eпърви автор
_9128710
139 _aТесаро, Катлийн
_bТ 53
245 1 0 _aКолекционерът на парфюми
_bРоман
_cКатлийн Тесаро; прев. Цветана Тодорова Генчева.
257 _aUSA
260 София
_bБард
_c2015
_fХасково : Полиграфюг
300 _a416 с.
_c20 см
380 _aX
500 _aОриг. загл. The Parfume Collector / Kathleen Tessaro.
653 _aромани
659 _aН
852 _aЦб 274856
856 4 _qpdf
_u
856 4 _qpdf
_u
942 _cKNG
_n0
_026
944 _aCR
_c23.06.2015
_lХристина Везирева
_k30535
944 _aED
_c28.06.2016
_lф /
_kСимона_Петрова
999 _c169064
_d169064